Normal view
MARC view
Entry Personal Name
001 - CONTROL NUMBER
- control field: 14479
003 - CONTROL NUMBER IDENTIFIER
- control field: BD-RjUL
005 - DATE AND TIME OF LATEST TRANSACTION
- control field: 20241201115116.0
008 - FIXED-LENGTH DATA ELEMENTS
- fixed length control field: 241201|| aca||aabn | a|a d
040 ## - CATALOGING SOURCE
- Original cataloging agency: BD-RjUL
- Transcribing agency: BD-RjUL
100 ## - HEADING--PERSONAL NAME
- Personal name: Bain, R. Nisbet
- Fuller form of name: (Robert Nisbet),
- Dates associated with a name: 1854-1909
670 ## - SOURCE DATA FOUND
- Source citation: Work cat.: (BD-RjUL)84392: Cossack fairy tales and folk-tales /, 1894